Palabras que cuentan el mundo: antología de textos informativos
Gespeichert in:
| Hauptverfasser: | , |
|---|---|
| Format: | Buch |
| Sprache: | Spanisch |
| Veröffentlicht: |
Santiago
Aguilar Chilena de Ediciones S. A
2012
|
| Schlagworte: | |
| Tags: |
Tag hinzufügen
Keine Tags, Fügen Sie den ersten Tag hinzu!
|
MARC
| LEADER | 00000cam a2200000 a 4500 | ||
|---|---|---|---|
| 001 | UCF6640 | ||
| 003 | CL-VaPUC | ||
| 008 | 130509e20120000CL |||||||||||||||||spa|d | ||
| 020 | |a 9789563474138 | ||
| 082 | 0 | 4 | |a 808.899283 |b ROD |2 21 |
| 100 | 0 | |a Rodríguez, Rocío |e author |9 568658 | |
| 700 | 0 | |a Piña, Juan Andrés |e author |9 568659 | |
| 245 | 1 | 0 | |a Palabras que cuentan el mundo: antología de textos informativos |
| 300 | |a 301 p | ||
| 942 | |c BK | ||
| 945 | |d 20130509 00:00:00 |a dcastane | ||
| 260 | |a Santiago |b Aguilar Chilena de Ediciones S. A |c 2012 | ||
| 500 | |a Antología preparada para 2º Año Medio | ||
| 650 | 0 | |a Literatura |9 259151 | |
| 650 | 0 | |a Antología literaria |9 558137 | |
| 650 | 7 | |a TEXTOS INFORMATIVOS |2 CL-VaPUC |9 454714 | |
| 650 | 0 | |a Literatura hispanoamericana |9 269097 | |
| 583 | |a last modification |c 20130509 12:56:00 |k Rodrigo Vera | ||
| 999 | |c 351779 |d 351777 | ||
| 952 | |0 0 |1 0 |4 0 |6 808_899283000000000_ROD_2012 |7 0 |8 A |9 456107 |a BIBEDU |b BIBEDU |d 2019-11-22 |i 4970144 |o 808.899283 ROD 2012 |p 4970144 |r 2019-11-22 |w 2019-11-22 |y BK |k LIT | ||